| 000 | 00486nam a2200169Ia 4500 | ||
|---|---|---|---|
| 005 | 20250424120244.0 | ||
| 008 | 250424s9999 xx 000 0 und d | ||
| 022 | _a2408655x | ||
| 050 | _aHD 70.N43 .I46/ | ||
| 245 | 0 | _aILorin journal of management sciences | |
| 260 | _aIlorin, Nigeria | ||
| 260 | _bFaculty of management sciences university of ilorin | ||
| 260 | _c2014 | ||
| 300 | _axiii, 235 p. :ill. ; 25 cm. | ||
| 650 | _a Management--Nigeria--Periodicals. | ||
| 942 | _cSR | ||
| 999 |
_c38273 _d38273 |
||